000 00539nam a2200181Ia 4500
003 GCL
008 140319s9999 xx 000 0 ara d
040 _aGCL /
_cGCL
082 0 4 _a346.092
_bن م
100 1 _aنبيل الروبى
245 1 0 _aمجموعة الدراسات السياحية: نظرية السياحة /
_cنبيل الروبى
300 _a300 ص
490 _aكتاب
_v0
650 0 4 _aالسياحة
650 0 4 _aالقانون الدستورى
650 0 4 _aالسياحة والفنادق
942 _2ddc
_cBK
999 _c41274
_d41274